اردو فکشن میں ہند وستا نی تہزیب کی عکا سی / (Record no. 189628)

MARC details
000 -LEADER
fixed length control field 00706nam a22001937a 4500
005 - DATE AND TIME OF LATEST TRANSACTION
control field 20220708103311.0
010 ## - LCCN (DPL NO)
LC control number UR-11635
020 ## - INTERNATIONAL STANDARD BOOK NUMBER
International Standard Book Number 9789391238629
Terms of availability 300.00
035 ## - SYSTEM CONTROL NUMBER
System control number U-10190
037 ## - SOURCE OF ACQUISITION
Source of stock number/acquisition DBAD/PUB
Stock number -
082 ## - DEWEY DECIMAL CLASSIFICATION NUMBER
Classification number 843.08
100 ## - MAIN ENTRY--PERSONAL NAME
Personal name حمیرہ تسلیم
245 ## - TITLE STATEMENT
Title اردو فکشن میں ہند وستا نی تہزیب کی عکا سی /
Statement of responsibility, etc حمیرہ تسلیم
Medium ا ر د و
246 ## - VARYING FORM OF TITLE
Title proper/short title Urdu Fiction me Hindustani Tehzeeb Ki Akkasi /
Remainder of title by Humera Tasleem
260 ## - PUBLICATION, DISTRIBUTION, ETC. (IMPRINT)
Place of publication, distribution, etc New Delhi
Name of publisher, distributor, etc Educational Publishing House
Date of publication, distribution, etc 2021 ء
270 ## - ADDRESS
Address H.o. D1/16, Ansari Road, Daryaganj
City New Delhi
Postal code 110002
300 ## - PHYSICAL DESCRIPTION
Extent 182 ص
Dimensions 22cm(Hb)
942 ## - ADDED ENTRY ELEMENTS (KOHA)
Source of classification or shelving scheme Dewey Decimal Classification
Item type Urdu Bks
Classification part 843.08
Call number suffix ح م ی
Holdings
Withdrawn status Lost status Not for loan Collection code Home library Current library Date acquired Source of acquisition Cost, normal purchase price Full call number Barcode Copy number Cost, replacement price Koha item type
      Non-fiction Central Library Central Library 08/07/2022 DBAD/PUB 300.00 843.08 ح م ی U-10190 1 300.00 Urdu Bks

© Delhi Public Library
Hit Counter
free hit counter